| 000 | 00532nam a22002177a 4500 | ||
|---|---|---|---|
| 003 | Nust | ||
| 005 | 20210924113710.0 | ||
| 008 | 170117b xxu||||| |||| 00| 0 eng d | ||
| 020 | _a9783642088742 | ||
| 038 | _akhadija | ||
| 040 | _c. | ||
| 082 |
_a610.284 _bALT |
||
| 100 |
_aRon,Alterovitz _982709 |
||
| 245 |
_aMotion Planing In Medicine / _cAlterovitz, Ron, |
||
| 250 | _aFirst ed. | ||
| 260 |
_aNew Jersey: _bSpringer, _c2010. |
||
| 300 |
_a153 p. ; _b24 cm. |
||
| 500 | _aPaperback. | ||
| 563 | _aPB | ||
| 942 |
_cBK _2ddc |
||
| 999 |
_c32364 _d32364 |
||